| 000 | 00462ntaaa2200181 4500 | ||
|---|---|---|---|
| 003 | 01 | ||
| 005 | 20251027201658.0 | ||
| 008 | 0714s1973 ag 01 | ||
| 040 |
_aAR-BaBN _bspa _cAR-BaBN _eaacr _dRIC |
||
| 082 | _a232.9540 T21 | ||
| 100 | _aTaylor, Willard H | ||
| 245 | _aAsí enseñó Jesucristo | ||
| 250 | _a1 ed. | ||
| 260 |
_aKansas City : _bCasa Nazarena de Publicaciones, _cs.f. |
||
| 300 | _a142 p | ||
| 650 |
_aJesús-enseñanzas _913386 |
||
| 942 | _cBK | ||
| 999 |
_c11544 _d11544 |
||